Marcatori dell'Inter in UEFA Champions League 2023-2024 - Statistics

Statistiche generali
  • Questo quiz è stato fatto 96 volte
  • Il punteggio medio è 9 su 10
Statistiche sulle risposte
Partita Minuto Marcatore % Corretto
Real Sociedad - Inter 1-1 87' Lautaro Martínez
100%
Salisburgo - Inter 0-1 85' Lautaro Martínez
100%
Inter - Benfica 1-0 62' Marcus Thuram
98%
Benfica - Inter 3-3 51' Marko Arnautović
94%
Inter - Atletico Madrid 1-0 79' Marko Arnautović
94%
Atletico Madrid - Inter 2-1 (d.t.s.) 33' Federico Dimarco
92%
Inter - Salisburgo 2-1 64' Hakan Çalhanoğlu
83%
Inter - Salisburgo 2-1 19' Alexis Sánchez
76%
Benfica - Inter 3-3 72' Alexis Sánchez
76%
Benfica - Inter 3-3 56' Davide Frattesi
74%
Nessun quiz corrispondente trovato
Distribuzione punteggi
Percentuale di utenti per punteggio
Percentile per numero di risposta
I tuoi punteggi nel tempo
Non hai fatto questo quiz